Normal view
MARC view
Entry Topical Term
001 - CONTROL NUMBER
- control field: 24002
003 - CONTROL NUMBER IDENTIFIER
- control field: OSt
005 - DATE AND TIME OF LATEST TRANSACTION
- control field: 20140115094720.0
008 - FIXED-LENGTH DATA ELEMENTS
- fixed length control field: 140115|| aca||aabn | a|a d
040 ## - CATALOGING SOURCE
- Original cataloging agency: OSt
- Transcribing agency: OSt
600 ## -
- : Indians
- : Antiquities.
670 ## - SOURCE DATA FOUND
- Source citation: Work cat.: (OSt)0: Leonard, Jonathan Norton, 1903-1975. 24001, Ancient America,, [1967]
